| 000 | 00988cam a2200217 4500 | ||
|---|---|---|---|
| 001 | ABS67155 | ||
| 008 | 031024n2003 000 0 eng u | ||
| 035 | _a(Sirsi) u124003 | ||
| 245 |
_aCommission v United Kingdom _h[electronic resource] |
||
| 260 | _c2003 | ||
| 520 | _aC-423/02,16 October 2003. By failing to adopt all the laws, regulations and administrative provisions necessary to comply with Directive 99/31/EC on the landfill of waste, the UK was accused as a member state of failing to fulfil its obligation under Art 18 of the Directive. Held that the UK had failed to comply with Article 18. UK ordered to pay costs. | ||
| 590 | _aABS | ||
| 650 | _aCOMMISSION V UNITED KINGDOM | ||
| 650 | _aDIRECTIVE 99/31/EC | ||
| 650 | _aEC DIRECTIVES | ||
| 650 | _aLANDFILL WASTE | ||
| 650 | _aUK LAW | ||
| 690 | _aENVIRONMENT-CASE LAW | ||
| 856 |
_uhttps://eur-lex.europa.eu/LexUriServ/LexUriServ.do?uri=CELEX:62002J0423:EN:HTML _zView judgment eur-lex.europa.eu |
||
| 942 | _n0 | ||
| 999 |
_c73642 _d73642 |
||